000 00992cam a2200301 i 4500
001 000002767
003 DO-SdBNP
005 20260309085046.0
007 ta
008 801023s1968 ve b 000 p spa
040 _aDO-SdBNP
_bspa
_cBNPHU
_erda
041 _aspa
082 4 _aV861.44
_bB732S
_222
100 1 _aSucre, Guillermo,
_d1933-
_eautor
_4aut.
_98719
245 1 0 _aBorges, el poeta /
_cGuillermo Sucre.
264 1 _aCaracas, Venezuela :
_bMonte Ávila,
_c1968.
300 _a143 páginas ;
_c19 cm.
336 _atexto
_btxt
_2rdacontent
337 _asin mediación
_bn
_2rdamedia
338 _avolumen
_bnc
_2rdacarrier
490 1 _aEstudios
504 _aBibliografía : páginas 141-143.
600 1 0 _aBorges, Jorge Luis,
_d1899-1986
_xCrítica e interpretación
_94173
650 4 _aPoesía venezolana
_xHistoria y crítica
_98721
650 4 _aLiteratura venezolana
_xHistoria y crítica
_ySiglo XX
_98722
910 _aValidado. Control de calidad MFF
942 _2ddc
_cLBS1
999 _c2601
_d2601